000 01385cam a2200373 a 4500
001 11980423
003 OSt
005 20260429153249.0
008 000419r19991989at ac b 001 0 eng d
010 _a 00303456
020 _a1863026762
_qpbk.
035 _a11980423
035 _a000020250097
040 _aANB
_beng
_cFoundation University
042 _alccopycat
043 _au-at-no
050 0 0 _aND 1225
_b.I83 1989
100 1 _aIsaacs, Jennifer.
_915703
245 1 0 _aAustralian aboriginal paintings /
_cJennifer Isaacs.
260 _aThe Rocks, NSW, Australia :
_bLansdowne,
_c1989.
264 _41989
300 _a189 p. :
_bcol. ill. ;
_c30 cm.
_3books
_fbooks
336 _atext
_btxt
_2rdacontent
_3books
337 _aunmediated
_bn
_2rdamedia
_3books
338 _avolume
_bnc
_2rdacarrier
_3books
500 _aFirst published: Weldon, 1989.
504 _aIncludes bibliographical references and index.
650 0 _aPainting, Aboriginal Australian
_zAustralia
_zArnhem Land (N.T.)
_915704
650 0 _aBark painting
_zAustralia
_zArnhem Land (N.T.)
_915705
906 _a7
_bcbc
_ccopycat
_d3
_encip
_f20
_gy-gencatlg
942 _2lcc
_cBK
_h ND 1225
_i.1989 I83
_k(DAFA-FA)
999 _c5816
_d5816